000 01526cam a22004334i 4500
003 PE-LiUPU
005 20250731165540.0
008 150625s r 000 0 d
035 _a(Sirsi) a33038
035 _a(Sirsi) a33038
040 _aPE-LiUPU
_bspa
_cPE-LiUPU
_erda
082 0 4 _a905
_bB71
_221
100 1 _aBoladeres Ibern, Guillermo De,
_eautor.
245 1 0 _aHistoria de las naciones :
_bpopular, concísa, Píntoresca y autorizada relación de cada una de las naciones desde los tiempos mas remotos hasta nuestros días.
_n3 /
_cGuillermo de Beladeres Ibern.
264 1 _a
336 _atext
_2rdacontent
337 _aunmediated
_2rdamedia
338 _avolume
_2rdacarrier
526 _aSEG44
526 _aSEG26
526 _aP151
526 _aP150
526 _aP149
526 _aP146
526 _aP145
526 _aP126
526 _aP125
526 _aP92
526 _aP75
526 _aP74
526 _aP27
526 _aP15
942 _2ddc
_cBOOK
949 _aRC 905 B71 3
_wDEWEY
_c1
_i16422
_lRC
_mBUL
_r0
_sY
_tBOOK
_u2015-6-25
_xBIBLIOTECA
_zUNKNOWN
_0COMPRA
_o.CIRCNOTE. No olvidar cambiar la fecha de devolución!!!!!!!
_o.STAFF. Colección General
994 _aC0
_bPEPRU
596 _a1
999 _aRC 905 B71 3
_wDEWEY
_c40756
_i16422
_f2021-11-8
_g5
_lRCG
_mBUL
_r1
_sY
_tBOOK
_u2015-6-25
_xBIBLIOTECA
_zUNKNOWN
_0COMPRA
_o.CIRCNOTE. No olvidar cambiar la fecha de devolución!!!!!!!
_o.STAFF. Colección General
_d40756
980 _81
_gALBERTO SANCHEZ Responsable de Automatización